| LEADER 00000nam 2200000uu 4500 |
| 008 140520s2013||||th 000 0 eng d |
| 020 ^a9780702043048
|
| 041 0 ^aeng
|
| 060 4 ^aWY 152 M145p 2013
|
| 100 0 ^aMcGarry, Julie...[et.al.]
|
| 245 00 ^aPlacement learning in older people nursing : ^ba guide for students in practice/^cJulie McGarry...[et.al.]
|
| 246 32 ^aOlder people nursing : ^ba guide for students in practice
|
| 260 ^aEdinburgh,london : ^bBailliere Tindall/Elsevier,^c2013.
|
| 300 ^axiii,191 p.
|
| 650 0 ^aNursing
|
| 650 0 ^aGeriatric ^xnursing
|
| 700 0 ^aMcGarry, Julie.
|
| 999 ^aใช้งานได้ทุกระบบ
|